A two-party South? (Record no. 9781)

MARC details
000 -LEADER
fixed length control field 01120cam a22003491 4500
001 - CONTROL NUMBER
control field 7906055
003 - CONTROL NUMBER IDENTIFIER
control field OSt
005 - DATE AND TIME OF LATEST TRANSACTION
control field 20260512160510.0
008 - FIXED-LENGTH DATA ELEMENTS--GENERAL INFORMATION
fixed length control field 750520s1952 ncuab b 000 0 eng
010 ## - LIBRARY OF CONGRESS CONTROL NUMBER
LC control number 52008501
035 ## - SYSTEM CONTROL NUMBER
System control number 7906055
035 ## - SYSTEM CONTROL NUMBER
System control number (OCoLC)1347166
040 ## - CATALOGING SOURCE
Original cataloging agency DLC
Transcribing agency PPSJ
Modifying agency OCoLC
-- NN
-- DLC
043 ## - GEOGRAPHIC AREA CODE
Geographic area code n-usu--
050 00 - LIBRARY OF CONGRESS CALL NUMBER
Classification number F215
Item number .H43
082 ## - DEWEY DECIMAL CLASSIFICATION NUMBER
Classification number 320.972 HIL
100 1# - MAIN ENTRY--PERSONAL NAME
Personal name Heard, Alexander.
245 12 - TITLE STATEMENT
Title A two-party South?
260 ## - PUBLICATION, DISTRIBUTION, ETC. (IMPRINT)
Place of publication, distribution, etc. Chapel Hill,
Name of publisher, distributor, etc. University of North Carolina Press
Date of publication, distribution, etc. [1952]
300 ## - PHYSICAL DESCRIPTION
Extent xviii, 334 p.
Other physical details maps, diagrs.
Dimensions 21 cm.
336 ## - CONTENT TYPE
Content type term text
Content type code txt
Source rdacontent
337 ## - MEDIA TYPE
Media type term unmediated
Media type code n
Source rdamedia
338 ## - CARRIER TYPE
Carrier type term volume
Carrier type code nc
Source rdacarrier
504 ## - BIBLIOGRAPHY, ETC. NOTE
Bibliography, etc Bibliographical references included in "Notes" (p. 281-318)
650 #0 - SUBJECT ADDED ENTRY--TOPICAL TERM
Topical term or geographic name as entry element Political parties
Geographic subdivision Southern States.
650 #0 - SUBJECT ADDED ENTRY--TOPICAL TERM
Topical term or geographic name as entry element African Americans
General subdivision Suffrage.
650 #0 - SUBJECT ADDED ENTRY--TOPICAL TERM
Topical term or geographic name as entry element African Americans
General subdivision Civil rights.
651 #0 - SUBJECT ADDED ENTRY--GEOGRAPHIC NAME
Geographic name Southern States
General subdivision Politics and government
Chronological subdivision 1865-
906 ## - LOCAL DATA ELEMENT F, LDF (RLIN)
a 7
b cbc
c oclcrpl
d u
e ncip
f 19
g y-gencatlg
942 ## - ADDED ENTRY ELEMENTS (KOHA)
Source of classification or shelving scheme Dewey Decimal Classification
Koha item type BOOKS
Holdings
Withdrawn status Lost status Source of classification or shelving scheme Damaged status Not for loan Home library Current library Shelving location Date acquired Total Checkouts Full call number Barcode Date last seen Price effective from Koha item type
    Dewey Decimal Classification     Dodoma Dodoma Ground Floor 12/05/2026   320.972 HIL LIB002582 12/05/2026 12/05/2026 BOOKS

IRDP © 2021 :: Managed by ICT Team